|
|
|
|
| LEADER |
01870cem a2200517 i 4500 |
| 001 |
nkc20213377146 |
| 003 |
CZ PrNK |
| 005 |
20220427090702.0 |
| 007 |
ad canzn |
| 008 |
210601s2021 xr z e 0 cze |
| 015 |
|
|
|a cnb003377146
|
| 020 |
|
|
|a 978-80-7442-135-8
|q (kroužková vazba)
|
| 034 |
0 |
|
|a a
|
| 040 |
|
|
|a ZLG001
|b cze
|d BOA001
|d ABA001
|e rda
|
| 072 |
|
7 |
|a 523/524
|x Sluneční soustava. Hvězdy. Vesmír
|2 Konspekt
|9 6
|
| 072 |
|
7 |
|a 912
|x Mapy. Atlasy. Glóby
|2 Konspekt
|9 7
|
| 080 |
|
|
|a 524.3
|2 MRF
|
| 080 |
|
|
|a 520.8
|2 MRF
|
| 080 |
|
|
|a (0.062)
|2 MRF
|
| 080 |
|
|
|a (084.42)52
|2 MRF
|
| 100 |
1 |
|
|a Dušek, Jiří,
|d 1971-
|7 jn19981228068
|4 aut
|
| 245 |
1 |
0 |
|a Hvězdy dalekohledem /
|c Jiří Dušek, Jan Píšala
|
| 250 |
|
|
|a Čtvrté vydání
|
| 255 |
|
|
|a Měřítko neuvedeno
|
| 264 |
|
1 |
|a Praha :
|b Aventinum,
|c 2021
|
| 300 |
|
|
|a 1 atlas (63 stran) :
|b barevné ilustrace, mapy ;
|c 24 cm
|
| 336 |
|
|
|a kartografický obraz
|b cri
|2 rdacontent
|
| 336 |
|
|
|a text
|b txt
|2 rdacontent
|
| 337 |
|
|
|a bez média
|b n
|2 rdamedia
|
| 338 |
|
|
|a svazek
|b nc
|2 rdacarrier
|
| 500 |
|
|
|a Název z obálky
|
| 500 |
|
|
|a Naučný text, tabulka
|
| 650 |
0 |
7 |
|a hvězdy
|7 ph114733
|2 czenas
|
| 650 |
0 |
7 |
|a souhvězdí
|7 ph125863
|2 czenas
|
| 650 |
0 |
7 |
|a hvězdná obloha
|7 ph120954
|2 czenas
|
| 650 |
0 |
7 |
|a astronomická pozorování
|7 ph118644
|2 czenas
|
| 655 |
|
7 |
|a populárně-naučné publikace
|7 fd131864
|2 czenas
|
| 655 |
|
7 |
|a astronomické atlasy
|7 fd812121
|2 czenas
|
| 700 |
1 |
|
|a Píšala, Jan,
|d 1982-
|7 mzk2005312909
|4 aut
|
| 910 |
2 |
|
|a BOA001
|b 2-1480.253
|
| 920 |
|
|
|a kpw01908676
|z ZLG001
|
| 990 |
|
|
|a MP
|
| 995 |
|
|
|a 01
|
| 991 |
|
|
|b 202203
|c NOV
|
| 996 |
6 |
|
|b 2610891945
|c 2-1480.253
|l MZK
|r Sklad / do 1 hodiny
|n 0
|p p.v.
|w 001875669
|u 000010
|a 1
|e BOA001
|j MZK50
|s P
|
| 996 |
7 |
|
|b 2610892879
|c 2-1480.253
|l MZK
|r Sklad / do 1 hodiny
|n 0
|p kup
|w 001875669
|u 000020
|a 1
|e BOA001
|j MZK50
|s A
|